[Event "BCF-chT3Sa 1617 (4NCL)"]
[Site "England"]
[Date "2016.11.27"]
[Round "2.35"]
[White "Fenwick, Hugh"]
[Black "Jaszkiwskyj, Peter"]
[Result "0-1"]
[WhiteElo "1912"]
[BlackElo "1948"]
[PlyCount "60"]
[EventDate "2016.11.26"]
[EventType "team-tourn"]
[EventRounds "11"]
[EventCountry "ENG"]
[SourceTitle "EXT 2019"]
[Source "ChessBase"]
[SourceDate "2018.10.10"]
[SourceVersion "1"]
[SourceVersionDate "2018.10.10"]
[SourceQuality "1"]
[WhiteTeam "Surbiton"]
[BlackTeam "The Rookies"]
[WhiteTeamCountry "ENG"]
[BlackTeamCountry "ENG"]

1. c4 c6 2. g3 Nf6 3. Bg2 d5 4. cxd5 cxd5 5. Nf3 Nc6 6. 0-0 Bf5 7. Qb3 Qd7 8. d3 e6 9. Bg5 Be7 10. Rd1 Rc8 11. Na3 a6 12. Bf4 Bg4 13. Qb6 0-0 14. h3 Bxf3 15. exf3 Nb4 16. Qe3 Rc6 17. Be5 b5 18. Bc3 Rc7 19. Be5 Rcc8 20. f4 Rfd8 21. Bd4 Qd6 22. Bf1 Rc6 23. g4 Nd7 24. Rdc1 Rdc8 25. Rxc6 Rxc6 26. g5 Qc7 27. Qd2 Qd6 28. Be2 Rc8 29. Bc3 Nc6 30. Nc2 d4 0-1

[Event "WchT Seniors 65"]
[Site "Radebeul"]
[Date "2016.07.02"]
[Round "7.25"]
[White "Ritter, Fred"]
[Black "Fenwick, Hugh"]
[Result "0-1"]
[WhiteElo "1844"]
[BlackElo "1912"]
[PlyCount "114"]
[EventDate "2016.06.26"]
[EventType "team-swiss"]
[EventRounds "9"]
[EventCountry "GER"]
[SourceTitle "CBM 173 Extra"]
[Source "ChessBase"]
[SourceDate "2016.08.29"]
[SourceVersion "1"]
[SourceVersionDate "2016.08.29"]
[SourceQuality "1"]
[WhiteTeam "Radebeul Chemie"]
[BlackTeam "England III"]
[WhiteTeamCountry "GER"]
[BlackTeamCountry "ENG"]

1. e4 e6 2. d4 d5 3. Nd2 Be7 4. Ngf3 Nf6 5. Bd3 c5 6. c3 Nc6 7. e5 Nd7 8. 0-0 Qc7 9. Re1 Qb6 10. Qb3 Qxb3 11. axb3 cxd4 12. cxd4 0-0 13. Nb1 Nb4 14. Rd1 f6 15. Nc3 fxe5 16. dxe5 Nxd3 17. Rxd3 Nc5 18. Rd1 Nxb3 19. Ra2 Bd7 20. Be3 a6 21. Rd3 Nc5 22. Rd4 Bc6 23. Nd2 Nd7 24. f4 Bc5 25. g3 Rfc8 26. Kf2 Bxd4 27. Bxd4 Bb5 28. b3 b6 29. Ra3 Bc6 30. Ke3 a5 31. Ne2 b5 32. Ra2 b4 33. Nc1 Bb5 34. Nd3 Bc6 35. h4 Rcb8 36. g4 g6 37. Nf3 a4 38. bxa4 Rxa4 39. Rb2 Ra3 40. Nd2 Kf7 41. Nb3 Nb6 42. Bxb6 Rxb6 43. Kd4 Ba4 44. Nbc5 b3 45. Kc3 Bb5 46. Nc1 Bc4 47. N5d3 Ra4 48. Nc5 Rab4 49. Kd2 d4 50. N1d3 Bxd3 51. Kxd3 Rc6 52. Ne4 Rc1 53. Nd2 Rc3+ 54. Ke2 Rg3 55. g5 Rg4 56. Rxb3 Rxb3 57. Nxb3 Rxf4 0-1

[Event "WchT Seniors 65"]
[Site "Radebeul"]
[Date "2016.06.28"]
[Round "3.1"]
[White "Hilbig, Klaus"]
[Black "Fenwick, Hugh"]
[Result "1/2-1/2"]
[WhiteElo "1680"]
[BlackElo "1912"]
[PlyCount "124"]
[EventDate "2016.06.26"]
[EventType "team-swiss"]
[EventRounds "9"]
[EventCountry "GER"]
[SourceTitle "CBM 173 Extra"]
[Source "ChessBase"]
[SourceDate "2016.08.29"]
[SourceVersion "1"]
[SourceVersionDate "2016.08.29"]
[SourceQuality "1"]
[WhiteTeam "Dresden Seniors"]
[BlackTeam "England III"]
[WhiteTeamCountry "GER"]
[BlackTeamCountry "ENG"]

1. d4 e6 2. Nf3 f5 3. c4 Nf6 4. Nc3 Bb4 5. Bg5 0-0 6. a3 Bxc3+ 7. bxc3 b6 8. e3 Bb7 9. Be2 d6 10. 0-0 Nbd7 11. Qc2 Qe8 12. Nd2 Bxg2 13. Kxg2 Qg6 14. h4 h6 15. f4 Ne4 16. h5 Qh7 17. Bh4 e5 18. Rg1 exf4 19. exf4 Rfe8 20. Bf3 Kh8 21. Rae1 Nef6 22. Kf2 Rxe1 23. Rxe1 g6 24. hxg6 Qxg6 25. Rg1 Qh7 26. Ke2 Re8+ 27. Kd1 Re3 28. Re1 Rxe1+ 29. Bxe1 h5 30. Bh4 Qg6 31. Bg5 Nh7 32. Qa4 Ndf8 33. Bh4 Ne6 34. Qxa7 Qg1+ 35. Kc2 Qh2 36. Qb8+ Kg7 37. Bg5 Nhxg5 38. fxg5 Nxg5 39. Qxc7+ Kg6 40. Kd3 Qg3 41. Qc6 h4 42. Kc2 h3 43. Qe8+ Kf6 44. Qf8+ Kg6 45. Qg8+ Kf6 46. Qd5 Nf7 47. Bh1 Qh2 48. Kd3 Ng5 49. Qa8 Ne6 50. Qh8+ Kg6 51. Qg8+ Kf6 52. Qe8 Nf4+ 53. Kc2 Ng2 54. Qf8+ Kg6 55. Qg8+ Kf6 56. Qf8+ Ke6 57. d5+ Kd7 58. Qxf5+ Kc7 59. Qh7+ Kd8 60. Qg8+ Kc7 61. Bxg2 hxg2 62. Nf3 g1Q+ 1/2-1/2

[Event "BCF-chT3 1314 (4NCL)"]
[Site "England"]
[Date "2014.05.03"]
[Round "9.130"]
[White "Fenwick, Hugh"]
[Black "Boumphrey, Luke S"]
[Result "1/2-1/2"]
[WhiteElo "1870"]
[BlackElo "1988"]
[PlyCount "120"]
[EventDate "2013.11.16"]
[EventType "team-swiss"]
[EventRounds "11"]
[EventCountry "ENG"]
[SourceTitle "EXT 2015"]
[Source "ChessBase"]
[SourceDate "2014.11.20"]
[SourceVersion "1"]
[SourceVersionDate "2014.11.20"]
[SourceQuality "1"]
[WhiteTeam "Surbiton"]
[BlackTeam "Ferry Cross the Maroczy"]
[WhiteTeamCountry "ENG"]
[BlackTeamCountry "ENG"]

1. e4 c5 2. c3 d5 3. exd5 Nf6 4. d4 Nxd5 5. Nf3 e6 6. Bc4 Nc6 7. 0-0 Be7 8. Nbd2 cxd4 9. cxd4 0-0 10. Ne4 b6 11. Re1 Bb7 12. Nfg5 h6 13. Nf3 Nf6 14. Nc3 Rc8 15. Bd3 Nb4 16. Bb1 Nbd5 17. Bd2 Nxc3 18. bxc3 Ba3 19. Qb3 Qd6 20. Ne5 Qd5 21. f3 Qxb3 22. axb3 Bb2 23. Rxa7 Bd5 24. c4 Bxd4+ 25. Kf1 b5 26. Rxf7 bxc4 27. Rxf8+ Kxf8 28. bxc4 Rxc4 29. Nxc4 Bxc4+ 30. Re2 Nd5 31. Ke1 Bxe2 32. Kxe2 Bc3 33. Kd3 Bxd2 34. Kxd2 Kf7 35. Be4 Kf6 36. g3 g5 37. Kd3 Ke5 38. Bg6 Nf6 39. Ke3 Nd5+ 40. Kd3 Kf6 41. Be4 Ne7 42. Ke3 e5 43. Kf2 Nc8 44. Ke2 Nd6 45. Bd5 h5 46. Ke3 Kf5 47. Bb3 h4 48. Bc2+ Kf6 49. Bd3 Nf5+ 50. Kf2 Nd4 51. Ke3 Nf5+ 52. Kf2 Nd6 53. Ke3 Ke6 54. f4 exf4+ 55. gxf4 g4 56. Kf2 Nf5 57. Be2 Nh6 58. Bd3 Ng8 59. Bc4+ Kf5 60. Bxg8 Kxf4 1/2-1/2

[Event "Hampstead op U2200 10"]
[Site "Hampstead"]
[Date "2013.10.27"]
[Round "5"]
[White "Pollack, Oscar"]
[Black "Fenwick, Hugh"]
[Result "1-0"]
[WhiteElo "1122"]
[BlackElo "1869"]
[PlyCount "137"]
[EventDate "2013.10.26"]
[EventType "swiss"]
[EventRounds "5"]
[EventCountry "ENG"]
[SourceTitle "EXT 2015"]
[Source "ChessBase"]
[SourceDate "2014.11.20"]
[SourceVersion "1"]
[SourceVersionDate "2014.11.20"]
[SourceQuality "1"]

1. e4 e6 2. d3 d5 3. Nd2 c5 4. Ngf3 Nc6 5. b3 Nf6 6. Bb2 Qc7 7. g3 b6 8. Bg2 Bb7 9. 0-0 Be7 10. Qe2 0-0 11. a4 d4 12. Nc4 a6 13. Rfe1 b5 14. Ncd2 Nb4 15. Nf1 Rad8 16. axb5 axb5 17. Ba3 e5 18. Bxb4 cxb4 19. Ra7 Bc5 20. Ra2 Ra8 21. Rea1 Ra3 22. Rxa3 bxa3 23. N1d2 Ra8 24. Nb1 a2 25. Nbd2 Bb4 26. Nb1 axb1Q+ 27. Rxb1 Ra2 28. Bh3 Rxc2 29. Qd1 h6 30. Qf1 Bd6 31. Qe1 Rc3 32. Qd2 Bc8 33. Bg2 Ng4 34. h3 Rc2 35. Qe1 Nxf2 36. Qf1 Qc3 37. Ne1 Rb2 38. Rxb2 Qxb2 39. Qxf2 Qxb3 40. Nf3 Qb1+ 41. Qf1 Qxf1+ 42. Kxf1 b4 43. Ke2 b3 44. Kd2 Ba3 45. Nxe5 Be6 46. Nc4 Bb4+ 47. Kc1 Kf8 48. Kb2 Ke7 49. Kxb3 Be1 50. g4 g6 51. Kc2 Bg3 52. Nd2 Kd6 53. Nf3 Kc5 54. g5 h5 55. Kd2 Bb3 56. Kc1 Bf4+ 57. Kb2 Bd1 58. Kb1 Be3 59. Ne5 Bxg5 60. Nxf7 Bf4 61. h4 Ba4 62. e5 Bb3 63. Nh8 g5 64. Ng6 Be3 65. hxg5 Bxg5 66. Bh3 Bf7 67. Nf8 Kd5 68. Nd7 Be6 69. Bg2# 1-0

[Event "BCF-chT3 0910 (4NCL)"]
[Site "England"]
[Date "2010.05.01"]
[Round "9.5"]
[White "Fenwick, Hugh"]
[Black "Davis, Alexei"]
[Result "1-0"]
[WhiteElo "1970"]
[BlackElo "1730"]
[PlyCount "59"]
[EventDate "2009.10.24"]
[EventType "team-tourn"]
[EventRounds "11"]
[EventCountry "ENG"]
[SourceTitle "EXT 2011"]
[Source "ChessBase"]
[SourceDate "2010.11.26"]
[SourceVersion "1"]
[SourceVersionDate "2010.11.26"]
[SourceQuality "1"]
[WhiteTeam "AMCA Hippos"]
[BlackTeam "KJCA Knights"]
[WhiteTeamCountry "ENG"]
[BlackTeamCountry "ENG"]

1. d4 e6 2. Nf3 d5 3. e3 c5 4. b3 Nc6 5. Bd3 Bd6 6. Bb2 Nge7 7. 0-0 0-0 8. dxc5 Bxc5 9. Ng5 Ng6 10. Qh5 h6 11. Nxf7 Rxf7 12. Qxg6 Ne7 13. Qh7+ Kf8 14. Qh8+ Ng8 15. Bh7 Ke7 16. Qxg8 Qxg8 17. Bxg8 Rf8 18. Bh7 Kf7 19. Bd3 Bd7 20. Ba3 Bxa3 21. Nxa3 a6 22. c4 Bc6 23. Nc2 Rfe8 24. Nb4 Rac8 25. Rfd1 a5 26. cxd5 exd5 27. Nc2 b5 28. Nd4 b4 29. Ba6 Rc7 30. Rac1 1-0

[Event "IECC Swiss-517.4"]
[Site "IECC email"]
[Date "2008.07.14"]
[Round "?"]
[White "Fenwick, Hugh"]
[Black "Geib, Steven"]
[Result "0-1"]
[WhiteElo "1626"]
[BlackElo "1451"]
[PlyCount "80"]
[EventDate "2008.??.??"]
[EventType "tourn (corr)"]
[EventRounds "1"]
[SourceTitle "Corr 2011"]
[Source "ChessBase"]
[SourceDate "2010.08.31"]
[SourceVersion "1"]
[SourceVersionDate "2010.08.31"]
[SourceQuality "1"]
[WhiteTeam "England"]
[BlackTeam "US of America"]
[WhiteTeamCountry "ENG"]
[BlackTeamCountry "USA"]

1. d4 d5 2. Nf3 e6 3. e3 Nf6 4. Bd3 c5 5. b3 Bd6 6. Bb2 Nbd7 7. Nbd2 0-0 8. 0-0 cxd4 9. exd4 Nh5 10. g3 Qf6 11. Re1 Bb4 12. a3 Ba5 13. Ne5 Nxe5 14. Rxe5 g6 15. c4 Bc7 16. Re1 Bb6 17. Nf3 Rd8 18. c5 Bxc5 19. Bc1 Bxd4 20. Bg5 Bxa1 21. Bxf6 Bxf6 22. Ne5 Bd7 23. Qf3 Rac8 24. Nxd7 Rxd7 25. g4 Bc3 26. Rc1 Nf6 27. g5 Nh5 28. Bxg6 hxg6 29. Rxc3 Rcd8 30. Rc2 d4 31. Rd2 e5 32. Qe2 Rd5 33. h4 Nf4 34. Qc4 e4 35. Qc7 Ne6 36. Qxb7 d3 37. Qxa7 Nd4 38. Kf1 Nf3 39. Rd1 Nxh4 40. Qe7 Rd4 0-1

[Event "IECC Swiss-517.2"]
[Site "IECC email"]
[Date "2007.05.23"]
[Round "?"]
[White "Fenwick, Hugh"]
[Black "Obando, Daniel"]
[Result "1-0"]
[WhiteElo "1572"]
[BlackElo "1885"]
[PlyCount "85"]
[EventDate "2007.??.??"]
[EventType "swiss (corr)"]
[EventRounds "1"]
[SourceTitle "Corr 2020"]
[Source "ChessBase"]
[SourceDate "2019.09.30"]
[SourceVersion "1"]
[SourceVersionDate "2019.09.30"]
[SourceQuality "1"]
[WhiteTeam "England"]
[BlackTeam "Costa Rica"]
[WhiteTeamCountry "ENG"]
[BlackTeamCountry "CRI"]

1. c4 e6 2. g3 Nf6 3. Bg2 Nc6 4. Nf3 Be7 5. 0-0 0-0 6. d4 b6 7. Nc3 Bb7 8. Bf4 Nh5 9. Be3 d5 10. cxd5 exd5 11. Rc1 Na5 12. Ne5 c6 13. Qc2 Bd6 14. Bf3 Nf6 15. Bf4 a6 16. e4 Rc8 17. Rfe1 Nc4 18. exd5 cxd5 19. Bg5 Be7 20. Qe2 Nxe5 21. dxe5 Ne4 22. Bxe7 Nxc3 23. Rxc3 Qxe7 24. Rd3 Rfd8 25. Qd2 Qe6 26. Rd4 Rc7 27. Bg4 Qe7 28. Bf5 h6 29. e6 Kh8 30. Rh4 Qf6 31. Rf4 g5 32. Rf3 d4 33. Be4 Qg7 34. Rxf7 Rxf7 35. exf7 Qxf7 36. Bxb7 Qxb7 37. Re6 Kg7 38. Qd3 Qf7 39. Qe4 Rd7 40. Qe5+ Kh7 41. Rf6 Qh5 42. Qe6 Kg7 43. g4 1-0

[Event "BCF-chT4 0607 (4NCL)"]
[Site "Sunningdale"]
[Date "2006.12.02"]
[Round "3.2"]
[White "Fenwick, Hugh"]
[Black "Ross, Chris Neil"]
[Result "1/2-1/2"]
[WhiteElo "2035"]
[BlackElo "2129"]
[PlyCount "59"]
[EventDate "2006.09.16"]
[EventType "team"]
[EventRounds "11"]
[EventCountry "ENG"]
[SourceTitle "EXT 2008"]
[Source "ChessBase"]
[SourceDate "2007.11.25"]
[SourceVersion "1"]
[SourceVersionDate "2007.11.25"]
[SourceQuality "1"]
[WhiteTeam "Addlestone"]
[BlackTeam "Braille Chess Association"]
[WhiteTeamCountry "ENG"]
[BlackTeamCountry "ENG"]

1. d4 Nf6 2. Bf4 g6 3. e3 Bg7 4. Nf3 d6 5. Be2 Nbd7 6. h3 0-0 7. 0-0 Qe8 8. Bh2 e5 9. c3 Nh5 10. Qb3 Kh8 11. Na3 Qe7 12. Nb5 c6 13. dxe5 dxe5 14. Qa3 Qxa3 15. Nxa3 e4 16. Nd4 Be5 17. Nc4 Bxh2+ 18. Kxh2 Ng7 19. Nd6 f5 20. Rad1 Ne5 21. f4 exf3 22. Nxf3 Nxf3+ 23. Bxf3 Kg8 24. Nxc8 Raxc8 25. Rd7 Rf7 26. Rfd1 Rcf8 27. Rxf7 Rxf7 28. Rd8+ Rf8 29. Rd7 Rf7 30. Rd8+ 1/2-1/2

[Event "IECC TH-M-2625"]
[Site "IECC email"]
[Date "2006.05.15"]
[Round "?"]
[White "Fenwick, Hugh"]
[Black "Williams, Derek"]
[Result "0-1"]
[WhiteElo "1583"]
[BlackElo "1550"]
[PlyCount "92"]
[EventDate "2006.??.??"]
[EventType "tourn (corr)"]
[SourceTitle "Corr 2020"]
[Source "ChessBase"]
[SourceDate "2019.09.30"]
[SourceVersion "1"]
[SourceVersionDate "2019.09.30"]
[SourceQuality "1"]
[WhiteTeam "England"]
[BlackTeam "United States"]
[WhiteTeamCountry "ENG"]
[BlackTeamCountry "USA"]

1. e4 Nf6 2. e5 Nd5 3. d4 d6 4. Nf3 Nc6 5. c4 Nb6 6. Nc3 Bg4 7. exd6 exd6 8. Be2 Be7 9. b3 0-0 10. 0-0 Bf6 11. Be3 Re8 12. Qd2 Qd7 13. Rad1 Bf5 14. Bg5 Bxg5 15. Qxg5 h6 16. Qf4 Bc2 17. Rd2 Qf5 18. Qxf5 Bxf5 19. c5 dxc5 20. dxc5 Nd7 21. Nd5 Rac8 22. Ne3 Be6 23. Rc1 Rcd8 24. Bb5 Nde5 25. Rxd8 Nxf3+ 26. gxf3 Rxd8 27. Bxc6 bxc6 28. Kf1 Rd2 29. Rc2 Rxc2 30. Nxc2 a5 31. Nd4 Bd5 32. Ke2 Kh7 33. Ke3 Kg6 34. Kf4 Kf6 35. h4 g6 36. Ne2 Ke6 37. Nd4+ Kd7 38. Nc2 f6 39. Ne3 Ke6 40. Nc2 g5+ 41. hxg5 fxg5+ 42. Ke3 Ke5 43. b4 a4 44. a3 h5 45. Nd4 h4 46. Ne2 h3 0-1

[Event "IECC TH-M-2625"]
[Site "IECC email"]
[Date "2006.05.15"]
[Round "?"]
[White "Williams, Derek"]
[Black "Fenwick, Hugh"]
[Result "1-0"]
[WhiteElo "1559"]
[BlackElo "1600"]
[PlyCount "83"]
[EventDate "2006.??.??"]
[EventType "tourn (corr)"]
[SourceTitle "Corr 2020"]
[Source "ChessBase"]
[SourceDate "2019.09.30"]
[SourceVersion "1"]
[SourceVersionDate "2019.09.30"]
[SourceQuality "1"]
[WhiteTeam "United States"]
[BlackTeam "England"]
[WhiteTeamCountry "USA"]
[BlackTeamCountry "ENG"]

1. e4 Nf6 2. e5 Nd5 3. d4 d6 4. Nf3 dxe5 5. dxe5 Bg4 6. Be2 e6 7. 0-0 Nd7 8. c4 N5b6 9. Qd4 Bf5 10. Qf4 Bc5 11. Nh4 Bg6 12. Nxg6 hxg6 13. Rd1 Qh4 14. Nc3 Bxf2+ 15. Qxf2 Qxh2+ 16. Kf1 Qxe5 17. Qf4 0-0-0 18. Qxe5 Nxe5 19. Rxd8+ Kxd8 20. b3 Rh1+ 21. Kf2 f6 22. Ne4 Nbd7 23. Ng3 Rh4 24. Bb2 Nf7 25. Rd1 e5 26. Nf1 Nd6 27. g3 Rh8 28. b4 Ke7 29. c5 Ne4+ 30. Kg2 Ng5 31. Bd3 Nf8 32. Ne3 Nge6 33. a4 Rh5 34. Bc2 c6 35. a5 Nd7 36. Bxg6 Rg5 37. Be4 Nf4+ 38. Kf3 Ne6 39. Nf5+ Kd8 40. a6 Kc7 41. axb7 Kxb7 42. Rxd7+ 1-0